书目信息 |
| 题名: |
环境激素
|
|
| 作者: | 佐藤淳 编著 ;魏春燕 译 | |
| 分册: | ||
| 出版信息: | 北京 科学出版社 2003.01 |
|
| 页数: | xvi, 161页 | |
| 开本: | 21cm | |
| 丛书名: | 图解科学入门 | |
| 单 册: | ||
| 中图分类: | X21-64 , X21 | |
| 科图分类: | ||
| 主题词: | 人类环境--ren lei huan jing--激素--影响--图解 | |
| 电子资源: | ||
| ISBN: | 7-03-010388-2 | |
| 000 | 00975nam 2200277 450 | |
| 001 | 010229067154 | |
| 005 | 20051219144517.95 | |
| 010 | @a7-03-010388-2@dCNY12.00 | |
| 100 | @a20050703d2003 km y0chiy0120 ea | |
| 101 | 1 | @achi@cjpn |
| 102 | @aCN@b110000 | |
| 105 | @aa a 000yy | |
| 200 | 1 | @a环境激素@Ahuan jing ji su@f(日) 佐藤淳编著@F(ri)zuo teng chun bian zhu@g魏春燕译@Gwei chun yan yi |
| 210 | @a北京@c科学出版社@d2003.01 | |
| 215 | @axvi, 161页@c图@d21cm | |
| 225 | 2 | @a图解科学入门@Atu jie ke xue ru men |
| 320 | @a有书目 (第161页)。 | |
| 330 | @a本书探讨了环境激素的本质、作用以及它对人类的不良影响,并介绍了人类生存环境的各种激素物质,提出了防治环境激素的各项措施。 | |
| 410 | 0 | @12001 @a图解科学入门 |
| 606 | 0 | @a人类环境@Aren lei huan jing@x激素@x影响@x图解 |
| 690 | @aX21-64@v4 | |
| 690 | @aX21@v4 | |
| 701 | 0 | @a佐藤淳@Azuo teng chun@4编著 |
| 702 | 0 | @a魏春燕@Awei chun yan@4译 |
| 801 | 0 | @aCN@bQSSK@c20051219 |
| 905 | @a10447@dX21-64@eZ994 | |
| 环境激素/(日) 佐藤淳编著/魏春燕译.-北京:科学出版社,2003.01 |
| xvi, 161页:图;21cm.-(图解科学入门) |
| ISBN 7-03-010388-2:CNY12.00 |
| 本书探讨了环境激素的本质、作用以及它对人类的不良影响,并介绍了人类生存环境的各种激素物质,提出了防治环境激素的各项措施。 |
| ● |
| 相关链接 |
|
|
|
正题名:环境激素
索取号:X21-64/Z994
 
预约/预借
| 序号 | 登录号 | 条形码 | 馆藏地/架位号 | 状态 | 备注 |
| 1 | 578442 | 205784427 | 期刊室512/501自科库 64排4列5层/ [索取号:X21-64/Z994] | 在馆 | |
| 2 | 578443 | 205784436 | 自科库501/501自科库 64排4列5层/ [索取号:X21-64/Z994] | 在馆 | |
| 3 | 578444 | 205784445 | 自科库501/501自科库 64排4列5层/ [索取号:X21-64/Z994] | 在馆 |